Học phần: Công tác xã hội với người cao tuổi

সংরক্ষণ করুন:
গ্রন্থ-পঞ্জীর বিবরন
প্রধান লেখক: Phạm, Thị Hải Lý
বিন্যাস: গ্রন্থ
প্রকাশিত: 2012
বিষয়গুলি:
ট্যাগগুলো: ট্যাগ যুক্ত করুন
কোনো ট্যাগ নেই, প্রথমজন হিসাবে ট্যাগ করুন!
Thư viện lưu trữ: Trung tâm Học liệu Lê Vũ Hùng, Trường Đại học Đồng Tháp
LEADER 00750pam a22002418a 4500
001 00039462
005 20171026081025.0
008 170519s2012 ||||||Viesd
041 0 # |a Vie 
082 1 4 |a 362.7  |b H419PH 
100 1 # |a Phạm, Thị Hải Lý 
245 1 0 |a Học phần: Công tác xã hội với người cao tuổi  |c Phạm Thị Hải Lý 
260 # # |c 2012 
300 # # |a 71tr.  |c 27cm 
653 # # |a Công tác xã hội 
653 # # |a người cao tuổi 
852 # # |b Kho mượn  |j KM.0023071 
852 # # |b Kho đọc  |j KD.0022263 
852 # # |j KD.0022263  |j KM.0023071 
910 |d 19/05/2017 
980 # # |a Trung tâm Học liệu Lê Vũ Hùng, Trường Đại học Đồng Tháp